Comedy Duos by Picture - Statistics

General Stats
  • This quiz has been taken 42 times
  • The average score is 9 of 22
Answer Stats
Picture Answer % Correct
Beavis and Butt-Head
89%
Laurel and Hardy
74%
Cheech and Chong
69%
Itchy and Scratchy
66%
Rick and Morty
63%
Abbot and Costello
57%
Tina Fey and Amy Poehler
51%
Fry and Laurie
49%
Jay and Silent Bob
49%
French and Saunders
46%
Harold and Kumar
46%
Simon Pegg and Nick Frost
46%
Jack Lemmon and Walter Matthau
37%
Morecambe and Wise
37%
Smith and Jones
34%
Mitchell and Webb
29%
Hale and Pace
26%
The Mighty Boosh
20%
Flight of the Conchords
17%
Fred Armisen and Carrie Brownstein
6%
Roy and H.G.
6%
Clarke and Dawe
3%
No matching quizzes found
Score Distribution
Percent of People with Each Score
Percentile by Number Answered
Your Score History
You have not taken this quiz